| 000 | 00981nam0a22002651 4500 | ||
|---|---|---|---|
| 001 | rc\300403 | ||
| 005 | 20250621025640.0 | ||
| 010 |
_a5-265-00850-0 _930000 |
||
| 035 | _a(NLR Aleph) 005536311 | ||
| 090 |
_a5662932 _c5662932 |
||
| 100 | _a20030307d1989 |||y0rusy50 ca | ||
| 101 | 0 | _arus | |
| 102 | _aRU | ||
| 105 | _aa ||||||||| | ||
| 200 | 1 |
_aГора Девица _aПутешествие в молодость _eРоманы _fДмитро Бедзик _gПер. с укр. С. Кедриной _g[Худож. Е. Капустин] |
|
| 210 |
_aМ. _cСов. писатель _d1989 |
||
| 215 |
_a398, [2] с. _cил. _d21 |
||
| 300 | _aПеред вып. дан. авт.: Дмитрий Иванович Бедзик | ||
| 700 | 1 |
_7ca _8rus _aБедзик _bД. И. _f1898-1982 _gДмитрий Иванович _9238414 _3RU\NLR\AUTH\770238470 |
|
| 801 | 0 |
_aRU _bNLR _gpsbo |
|
| 801 | 1 |
_aRU _bELAR _2rusmarc |
|
| 852 |
_aNLR _j89-3/8879 |
||
| 942 | _cBOOK | ||
| 980 | _aNB | ||